000 00590 a2200193 4500
005 20210818181417.0
008 160705b xxu||||| |||| 00| 0 eng d
020 _a9788492453184
040 _bspa
041 _aspa
100 _948532
_aLopez Cozar, Cristina
245 _aNegociacion Inteligente
_c Cristina Lopez Cozar, y otros
260 _aMadrid
_bDelta Ediciones
_c2014
300 _axi,117pag
_c23cm
504 _aIncluye bibliografia
082 _a658.4052
_b L864
650 0 _948533
_aCreatividad en los negocios
942 _2ddc
_h658.4052 L864
999 _c10280
_d10280